000 01752nam a2200493 c 4500
001 22640
003 ES-MaCES
005 20141221122810.0
008 091117s2009 sp t o000 | spa d
017 _aM 40670-2009
_bDL
020 _a9788481883060
035 _aCES20090012047m
040 _aES-MaCES
_bspa
_cES-MaCES
100 1 _aSirvent García del Valle, Elena
_924121
245 1 3 _aEl empleo a tiempo parcial como herramienta para compatibilizar la flexibilidad laboral y la conciliación de la vida personal y laboral
_cElena Sirvent García del Valle
250 _a1ª ed
260 _aMadrid
_bConsejo Económico y Social
_c2009
300 _a361, [6] p.
_c24 cm
490 1 _aColección Estudios
_v217
500 _aPremio del CES para Tesis Doctorales, 2007
504 _aBibliografía: p. 341-361
541 _cGratuito
650 4 _aempleo a tiempo parcial
_926772
650 4 _atrabajador a tiempo parcial
_929815
650 4 _amujeres
_928657
650 4 _atrabajadora
_928413
650 4 _aflexibilidad del trabajo
_930174
650 4 _apolítica gubernamental
_927211
650 4 _aconciliación
_927303
650 4 _atrabajo
_928289
650 4 _afamilia
_927318
650 4 _aEuropa
_926940
650 4 _aEspaña
_926964
650 4 _aPaíses Bajos
_926957
650 4 _aDinamarca
_926938
650 4 _aestudio de casos
_928846
653 1 0 _aEmpleo
710 2 _aConsejo Económico y Social (España)
_eed.
_92408
830 0 _aColección Estudios (Consejo Económico y Social (España))
_v217
_932341
830 0 _aTesis doctorales (Consejo Económico y Social (España))
_pPremiadas
_v2007
_932762
902 _aLIB Libro
942 _2CES
_cBK
_h2.1.
999 _c22640
_d22640